| 000 | 00545nam a22001937a 4500 | ||
|---|---|---|---|
| 999 |
_c4864 _d4864 |
||
| 003 | AR-CdUCM | ||
| 008 | 190311b ||||| |||| 00| 0 spa d | ||
| 040 |
_aMUNICIPALIDAD PROVINCIAL DEL CUSCO _cBIBLIOTECA MUNICIPAL DEL CUSCO |
||
| 082 |
_a869.56 / _bH81 |
||
| 100 |
_aLa Hoz, Luis _914969 |
||
| 245 | _aPrimer incendio / | ||
| 260 |
_aPerú : _bAmes, _c1977. |
||
| 300 |
_a47 páginas ; _c20.5 cm. |
||
| 500 | _aDonación familia Nieto | ||
| 650 |
_aPoesías peruanas _91481 |
||
| 650 |
_aSiglo XX. _98 |
||
| 942 |
_2ddc _cLIBROS |
||
| 945 | _aafb | ||